The ways of paradox and other essays
Αποθηκεύτηκε σε:
| Κύριος συγγραφέας: | |
|---|---|
| Μορφή: | Βιβλίο |
| Γλώσσα: | English |
| Δημοσίευση: |
New York :
Random,
c1966
|
| Θέματα: | |
| Ετικέτες: |
Προσθήκη ετικέτας
Δεν υπάρχουν, Καταχωρήστε ετικέτα πρώτοι!
|
MARC
| LEADER | 00000cam a2200000 i 4500 | ||
|---|---|---|---|
| 001 | 1/106016 | ||
| 008 | 090611s1966 eng d | ||
| 035 | |l 10105047 | ||
| 040 | |a GR-MY-UA |b gre |e aacr | ||
| 041 | 0 | |a eng | |
| 082 | 0 | |a 191 |2 (22) | |
| 100 | 1 | |a Quine, W. V. |q (Willard Van Orman) | |
| 245 | 1 | 4 | |a The ways of paradox and other essays / |c by W. V. Quine |
| 260 | |a New York : |b Random, |c c1966 | ||
| 300 | |a x, 258 σ.; |c 22 εκ. | ||
| 504 | |a Βιβλιογραφία: σ. [247]-251 | ||
| 650 | 0 | 0 | |a Philosophy. |
| 852 | |a INST |b SAMOS |c MAG |e 20090611 |h 191 QUI |p 005300028577 |q 005300028577 |t BK |y 0 | ||
| 901 | |a BIBL3-2009-2 | ||
| 909 | |a Σ |b 158081 | ||
| 970 | |a ΚΟΣΙΕΡΗΣ |b ΧΡΗΣΤΟΣ |z 2009/06/11 | ||